000 00361nam a2200133Ia 4500
005 20260328101449.0
008 260328s9999||||xx |||||||||||||| ||und||
100 _aLópez Mato, Omar
245 0 _aCity of Angels :
_b The History of Recoleta Cemetery /
_cOmar López Mato
260 _bGráfica Integral
300 _a152 p.
650 _aPAISAJISMO
942 _cBK
999 _c8577
_d8577